Khinh - trọng

Nội dung sách giới thiệu về khái niệm, các định đề, cơ sở logic thuyết khinh trọng. Triển khai luận thuyết và mở rộng thuyết khinh trọng.

Wedi'i Gadw mewn:
Manylion Llyfryddiaeth
Prif Awdur: Tô, Duy Hợp
Fformat: Llyfr
Iaith:Undetermined
Cyhoeddwyd: Hà Nội Khoa học Xã hội 2019
Pynciau:
Tagiau: Ychwanegu Tag
Dim Tagiau, Byddwch y cyntaf i dagio'r cofnod hwn!
Thư viện lưu trữ: Trung tâm Học liệu Trường Đại học Cần Thơ
LEADER 00744nam a2200193Ia 4500
001 CTU_233280
008 210402s9999 xx 000 0 und d
082 |a 126 
082 |b H466/Q.3 
100 |a Tô, Duy Hợp 
245 0 |a Khinh - trọng 
245 0 |c Tô Duy Hợp 
260 |a Hà Nội 
260 |b Khoa học Xã hội 
260 |c 2019 
520 |a Nội dung sách giới thiệu về khái niệm, các định đề, cơ sở logic thuyết khinh trọng. Triển khai luận thuyết và mở rộng thuyết khinh trọng. 
650 |a Tâm lý và triết học,Psychology and philosophy 
910 |b dqhieu 
980 |a Trung tâm Học liệu Trường Đại học Cần Thơ